000 00475nam a22001817a 4500
003 MPLRDC
005 20220104125648.0
008 210129b ||||| |||| 00| 0 eng d
020 _a957-598-386-4
082 _a225.7 SYFS-3
100 _a圣严法师
245 _a法鼓山故事
_c
250 _a初版
260 _a台湾
_b法鼓文化事业股份有限公司
_c2007
300 _b239
650 _a佛教布教及信仰生活: 修持
942 _cBK
_o225.7 SYFS-3
999 _c29145
_d29135